000
00311nam a22001337a 4500
003
SGT
082
_a
320
_b
D99B
100
_a
BHATNAGAR, BRIJBHUSHAN
245
_a
DESH KA SBSE BADA SKANDLE DESH-DROH
260
_b
AKHAND HINDUSTAN MORCA
_c
1999
300
_a
127
653
_a
POLITICAL SCIENCE
942
_2
ddc
_c
BK
999
_c
28127
_d
28127